LEADER 01130nam0-2200337---450- 001 990009425680403321 005 20110915161141.0 010 $a0-486-22503-8 035 $a000942568 035 $aFED01000942568 035 $a(Aleph)000942568FED01 035 $a000942568 100 $a20110915d1970----km-y0itay50------ba 101 0 $aeng 102 $aUS 105 $aa---b---001yy 200 1 $a<>Crystal Palace exhibition$eillustrated catalogue, London 1851 205 $aAn unabridged republication of The art journal special issue$fwith new introduction by John Gloag 210 $aNew York$cDover$d1970 215 $a1 v.$cill.$d28 cm 300 $aOriginariamente pubblicato come: The art journal : illustrated catalogue London : G. Virtue, 1851 610 0 $aEsposizioni industriali$aLondra$aCrystall Palace$a1851$aCataloghi 676 $a707.4 702 1$aGloag,$bJohn 801 0$aIT$bUNINA$gRICA$2UNIMARC 901 $aBK 912 $a990009425680403321 952 $a707.4 MOSTRE LONDRA 1851$b9055 st. arte$fFLFBC 959 $aFLFBC 996 $aCrystal Palace exhibition$9759995 997 $aUNINA LEADER 05213oam 22007214a 450 001 996517770003316 005 20230621135336.0 010 $a1-4473-5875-9 024 7 $a10.56687/9781447358756 035 $a(CKB)5600000000002147 035 $a(OCoLC)1260401019 035 $a(MdBmJHUP)muse99585 035 $a(oapen)https://directory.doabooks.org/handle/20.500.12854/71252 035 $a(DE-B1597)646114 035 $a(DE-B1597)9781447358756 035 $a(MiAaPQ)EBC6677443 035 $a(Au-PeEL)EBL6677443 035 $a(EXLCZ)995600000000002147 100 $a20210511d2021 uy 0 101 0 $aeng 135 $aur|||||||nn|n 181 $ctxt$2rdacontent 182 $cc$2rdamedia 183 $acr$2rdacarrier 200 00$aSocial Exclusion of Youth in Europe$eThe Multifaceted Consequences of Labour Market Insecurity /$fedited by Marge Unt, Michael Gebel, Sonia Bertolini, Vasiliki Deliyanni-Kouimtzis, Dirk Hofa?cker 205 $a1st ed. 210 $aBristol$cPolicy Press$d2021 210 1$aBristol :$cPolicy Press,$d2021. 210 4$dİ2021. 215 $a1 online resource (1 volume) 300 $aOpen access version available. 311 $a1-4473-5876-7 311 $a1-4473-5872-4 327 $tFront Matter -- $tContents -- $tList of figures and tables -- $tList of abbreviations -- $tNotes on contributors -- $tPreface and acknowledgements -- $tIntroduction: Youth transitions in times of labour market insecurity -- $tLabour market insecurity and youth well-being and health -- $tEffects of unemployment and insecure jobs on youth well-being in Europe: economic development and business cycle fluctuations -- $tHealth effects of unemployment in couples: does becoming unemployed affect a young partner's health? -- $tMultiple routes to youth well-being: a qualitative comparative analysis of buffers to the negative consequences of unemployment -- $tExperiencing unemployment and job insecurity in two European countries: German and Italian young people's well-being and coping strategies -- $tLabour market insecurity and youth autonomy -- $tMeanings of work in the narratives of Italian, Estonian, and Polish young people who experience labour market insecurity -- $tHousing autonomy of youth in Europe: do labour and housing policies matter? -- $tIs housing autonomy still a step towards adulthood in a time of job insecurity? -- $tBecoming economically autonomous: young people in Italy and Poland in a time of job insecurity -- $tThe role of informal social support for young people in unemployment and job insecurity in Italy, Estonia, and Germany -- $tHow young people experience and perceive labour market policies in four European countries -- $tLabour market insecurity and the socio-economic consequences for youth -- $tCan labour market policies protect unemployed youth from poverty? A cross-European comparison -- $tUnemployment and job precariousness: material and social consequences for Greek and Italian youth -- $tSyntheses of long-term socio-economic consequences of insecure labour market positions for youth in Europe -- $tConclusions: Integrating perspectives on youth transitions and the risk of social exclusion -- $tIndex 330 $a"EPDF and EPUB available Open Access under CC-BY-NC-ND licence. Policymakers throughout Europe are enacting policies to support youth labour market integration. However, many young people continue to face unemployment, job insecurity, and the subsequent consequences. Adopting a mixed-method and multilevel perspective, this book provides a comprehensive investigation into the multifaceted consequences of social exclusion. Drawing on rich pan-European comparative and quantitative data, and interviews with young people from across Europe, this text gives a platform to the unheard voices of young people. Contributors derive crucial new policy recommendations and offer fresh insights into areas including youth well-being, health, poverty, leaving the parental home, and qualifying for social security. " 606 $aYoung adults$xSocial conditions$2fast$3(OCoLC)fst01183229 606 $aUnemployed youth$2fast$3(OCoLC)fst01161212 606 $aMarginality, Social$2fast$3(OCoLC)fst01009156 606 $aUnemployed youth$zEurope 606 $aYoung adults$zEurope$xSocial conditions 606 $aMarginality, Social$zEurope 607 $aEurope$2fast 608 $aElectronic books. 610 $aEuropean Comparison; Job Security; Social exclusion; Transition to Adulthood; Unemployment; Youth 615 0$aYoung adults$xSocial conditions. 615 0$aUnemployed youth. 615 0$aMarginality, Social. 615 0$aUnemployed youth 615 0$aYoung adults$xSocial conditions. 615 0$aMarginality, Social 676 $a305.568094 700 $aUnt$b Marge$4edt$01347115 702 $aHofa?cker$b Dirk 702 $aDeliyianni-Kouimtzis$b Vassiliki 702 $aBertolini$b Sonia 702 $aGebel$b Michael$f1979- 702 $aUnt$b Marge 801 0$bMdBmJHUP 801 1$bMdBmJHUP 906 $aBOOK 912 $a996517770003316 996 $aSocial Exclusion of Youth in Europe$93083149 997 $aUNISA LEADER 03168nam 2200733z- 450 001 9910566480003321 005 20220506 035 $a(CKB)5680000000037580 035 $a(oapen)https://directory.doabooks.org/handle/20.500.12854/81182 035 $a(oapen)doab81182 035 $a(EXLCZ)995680000000037580 100 $a20202205d2022 |y 0 101 0 $aeng 135 $aurmn|---annan 181 $ctxt$2rdacontent 182 $cc$2rdamedia 183 $acr$2rdacarrier 200 00$aApplications of Biosorption in Wastewater Treatment 210 $aBasel$cMDPI - Multidisciplinary Digital Publishing Institute$d2022 215 $a1 online resource (140 p.) 311 08$a3-0365-3533-0 311 08$a3-0365-3534-9 330 $aThis book examines the state of the art of biosorption as an economical and environmentally friendly technique for pollutant removal in wastewater. Several articles are included that develop the applications of biosorption showing the high efficiency and versatility of this process, as well as showing recent advances in this field. Different modalities of biosorption are demonstrated from free biomass to immobilized biomass, as well as the combination of biomass with modern materials to form composites, emphasizing the significant versatility of this technique. In addition, different examples with biomasses of very different natures are also included and discussed, as are the factors that influence biosorption processes. Other contributions offer some examples of apparently useless materials that are reused and applied in the elimination of pollutants. Therefore, this book is an excellent complement for those researchers who work on biosorption as well as a starting point for those who want to begin research on this topic. 606 $aResearch and information: general$2bicssc 610 $aactivated carbon 610 $aalginate 610 $abackground electrolytes 610 $abatch adsorption 610 $abio-sorbent 610 $abioaccumulation 610 $abiocomposite 610 $abiomass 610 $abiosorbent 610 $abiosorption 610 $acitrus waste biomass 610 $aCr(VI) contaminated aqueous solution 610 $adyes 610 $aemerging organic contaminants 610 $afixed-bed adsorption column 610 $afixed-bed column 610 $aGreen Synthesis 610 $aheavy metals 610 $aimmobilization 610 $akinetic modeling 610 $alandfill 610 $aleachate treatment 610 $ametals 610 $amixing ratio 610 $aMxene-CS composite 610 $an/a 610 $aNi2+ 610 $apollutants 610 $aPOME 610 $apre-treatment 610 $aremoval efficiency 610 $aSpirulina 610 $atreatment of wastewater 615 7$aResearch and information: general 700 $aTorres Vaamonde$b Jose Enrique$4edt$01319563 702 $aTorres Vaamonde$b Jose Enrique$4oth 906 $aBOOK 912 $a9910566480003321 996 $aApplications of Biosorption in Wastewater Treatment$93033970 997 $aUNINA